Objektivní a subjektivní kariérní úspěch zaměstnance
Identifikácia faktorov kariérneho úspechu. Pojem kariérny prechod (career transition) a kariérny pohyb (career move). Kariérny úspech. Faktorová analýza kariérneho úspechu.
Guardado en:
| Autor principal: | |
|---|---|
| Formato: | Capítulo de libro |
| Lenguaje: | checo |
| Materias: | |
| Etiquetas: |
Sin Etiquetas, Sea el primero en etiquetar este registro!
|
MARC
| LEADER | 00000naa a2200000 4500 | ||
|---|---|---|---|
| 001 | 0185015 | ||
| 005 | 20220713131211.5 | ||
| 041 | 0 | |a cze | |
| 044 | |a CZ | ||
| 245 | 1 | 0 | |a Objektivní a subjektivní kariérní úspěch zaměstnance |c Hana Klupáková |
| 520 | |a Identifikácia faktorov kariérneho úspechu. Pojem kariérny prechod (career transition) a kariérny pohyb (career move). Kariérny úspech. Faktorová analýza kariérneho úspechu. | ||
| 610 | 2 | 0 | |a kariéra |
| 610 | 2 | 0 | |a analýza faktorová |
| 610 | 2 | 0 | |a zamestnanci |
| 610 | 2 | 0 | |a úspech pracovný |
| 100 | 1 | |a Klupáková, Hana | |